[Event "1.CLZ 15/16,Unichess-Praha-Kobylisy"]
[Site "Praha"]
[Date "2016.02.28"]
[Round "9.8"]
[White "Plasil, Petr"]
[Black "Jascenko, Olga"]
[Result "0-1"]
[BlackElo "2150"]
[WhiteElo "2041"]
[WhiteTeam "Kobylisy"]
[BlackTeam "Unichess"]
[LiveChessVersion "1.4.6"]

1. d4 {[%clk 1:30:57]} Nf6 {[%clk 1:30:06]} 2. c4 {[%clk 1:31:19]} e6
{[%clk 1:30:31]} 3. Nf3 {[%clk 1:31:43]} Bb4+ {[%clk 1:30:14]} 4. Bd2
{[%clk 1:32:06]} a5 {[%clk 1:30:23]} 5. g3 {[%clk 1:32:19]} d5 {[%clk 1:28:45]}
6. Bg2 {[%clk 1:29:53]} dxc4 {[%clk 1:23:36]} 7. O-O {[%clk 1:29:03]} Nc6
{[%clk 1:15:28]} 8. Bg5 {[%clk 1:22:08]} O-O {[%clk 1:13:43]} 9. e4
{[%clk 1:07:37]} h6 {[%clk 1:08:11]} 10. Bxf6 {[%clk 1:07:15]} Qxf6
{[%clk 1:08:34]} 11. a3 {[%clk 1:05:50]} Be7 {[%clk 1:05:49]} 12. e5
{[%clk 1:04:20]} Qg6 {[%clk 1:06:14]} 13. Nc3 {[%clk 0:59:31]} Rd8
{[%clk 0:56:19]} 14. Nb5 {[%clk 0:54:32]} a4 {[%clk 0:39:15]} 15. Qc1
{[%clk 0:43:13]} Na5 {[%clk 0:34:40]} 16. Nxc7 {[%clk 0:31:31]} Rb8
{[%clk 0:34:41]} 17. Qc3 {[%clk 0:27:32]} b6 {[%clk 0:33:45]} 18. Rad1
{[%clk 0:19:22]} Bb7 {[%clk 0:29:22]} 19. d5 {[%clk 0:15:25]} exd5
{[%clk 0:28:22]} 20. Nd4 {[%clk 0:13:44]} Bc5 {[%clk 0:20:30]} 21. e6
{[%clk 0:09:43]} Rbc8 {[%clk 0:14:58]} 22. exf7+ {[%clk 0:09:27]} Qxf7
{[%clk 0:14:46]} 23. Nce6 {[%clk 0:09:16]} Rd6 {[%clk 0:11:29]} 24. Nf4
{[%clk 0:07:51]} Re8 {[%clk 0:09:27]} 25. Nb5 {[%clk 0:05:09]} Rdd8
{[%clk 0:09:32]} 26. Nd4 {[%clk 0:04:35]} Nb3 {[%clk 0:09:33]} 27. Nxb3
{[%clk 0:03:39]} axb3 {[%clk 0:10:02]} 28. Qc1 {[%clk 0:03:26]} g5
{[%clk 0:09:18]} 29. Nh3 {[%clk 0:02:19]} Qf5 {[%clk 0:09:38]} 30. Kh1
{[%clk 0:01:26]} Re2 {[%clk 0:09:28]} 31. Rd2 {[%clk 0:00:46]} Rde8
{[%clk 0:09:08]} 32. Ng1 {[%clk 0:01:13]} Rxd2 {[%clk 0:06:34]} 33. Qxd2
{[%clk 0:01:42]} Qc2 {[%clk 0:06:16]} 34. Bxd5+ {[%clk 0:01:08]} Bxd5+
{[%clk 0:06:40]} 35. Qxd5+ {[%clk 0:01:36]} Kg7 {[%clk 0:07:03]} 36. h4
{[%clk 0:00:39]} gxh4 {[%clk 0:05:24]} 37. Qd7+ {[%clk 0:00:52]} Kf8
{[%clk 0:05:16]} 38. gxh4 {[%clk 0:00:58]} Qe4+ {[%clk 0:05:17]} 39. f3
{[%clk 0:01:16]} Qxh4+ {[%clk 0:05:23]} 40. Nh3 {[%clk 0:01:12]} Qf6
{[%clk 0:04:09]} 41. Qd5 {[%clk 0:19:47]} Qf7 {[%clk 0:33:12]} 42. Qd2
{[%clk 0:15:45]} Be3 {[%clk 0:24:15]} 43. Qc3 {[%clk 0:12:46]} Qf5
{[%clk 0:22:17]} 44. Kg2 {[%clk 0:11:31]} Re6 {[%clk 0:18:56]} 45. Qxc4
{[%clk 0:10:52]} Qc2+ {[%clk 0:18:42]} 0-1